Catálogo
 En Linea

Cartilla de educación cívica / (Registro nro. 45753)

Detalles MARC
000 -CABECERA
campo de control de longitud fija 00579nam a2200157 a 4500
001 - NÚMERO DE CONTROL
campo de control 000046264
005 - FECHA Y HORA DE LA ÚLTIMA TRANSACCIÓN
campo de control 20201002052740.0
008 - DATOS DE LONGITUD FIJA--INFORMACIÓN GENERAL
campo de control de longitud fija 150713s1974 dr 000 0 spa d
040 ## - FUENTE DE LA CATALOGACIÓN
Centro catalogador/agencia de origen DO-SdBNP
Lengua de catalogación spa
Centro/agencia transcriptor BNPHU
082 ## - NÚMERO DE LA CLASIFICACIÓN DECIMAL DEWEY
Número de clasificación xxxx
Número de documento/Ítem xxxx
245 00 - MENCIÓN DE TÍTULO
Título Cartilla de educación cívica /
Mención de responsabilidad, etc. prefacio Juana Castellanos ; introducción Silvaní Gómez. H.
260 ## - PUBLICACIÓN, DISTRIBUCIÓN, ETC.
Lugar de publicación, distribución, etc. [s. l.]. :
Nombre del editor, distribuidor, etc. ADOMUVI,
Fecha de publicación, distribución, etc. [1974?].
700 12 - PUNTO DE ACCESO ADICIONAL--NOMBRE DE PERSONA
Nombre de persona Castellanos, Juana,
Término indicativo de función/relación pref.
9 (RLIN) 74283
700 12 - PUNTO DE ACCESO ADICIONAL--NOMBRE DE PERSONA
Nombre de persona Gómez, Silvaní,
Término indicativo de función/relación introd.
9 (RLIN) 74284
710 22 - PUNTO DE ACCESO ADICIONAL--NOMBRE DE ENTIDAD CORPORATIVA
Nombre de entidad corporativa o nombre de jurisdicción como elemento de entrada Asociación Dominicana de Mujeres Votantes,ADOMUVI República Dominicana
9 (RLIN) 74285
Existencias
Estado de retiro Estado de pérdida No para préstamo Código de colección Localización permanente Ubicación/localización actual Ubicación en estantería Fecha de adquisición Número de inventario Total de préstamos Signatura topográfica completa Código de barras Fecha visto por última vez Precio válido a partir de Tipo de ítem Koha Nota pública
    Excluido de préstamo Patrimonio Dominicano Patrimonio Dominicano Patrimonio Dominicano En catalogación 13.07.2015 LF1   xxxx xxxx 46264-10 25.06.2020 25.06.2020 Libro y Folleto Colección Patrimonio Dominicano Perteneció a la biblioteca personal de Chiqui Vicioso / Fidelio Despradel.

Con tecnología Koha